| 000 | 00513nam a22001577a 4500 | ||
|---|---|---|---|
| 003 | macl | ||
| 005 | 20190925161820.0 | ||
| 008 | 190925b xxu||||| |||| 00| 0 eng d | ||
| 040 | _cmacl | ||
| 082 | _a800/JAY | ||
| 100 |
_aशर्मा,डॉ रामावतार _976806 |
||
| 245 | _aकहानीकार प्रसाद | ||
| 260 |
_aगाजियाबाद _bपार्थ पब्लिशिंग हाऊस _c2018 |
||
| 650 |
_aरचनावली _9163 |
||
| 942 |
_2ddc _cHIN |
||
| 999 |
_c61106 _d61106 |
||